00354nam a2200133Ia 450000500170000000800410001708200130005810000120007124500370008326000280012030000130014865000310016165000280019220250312020714.0240331s9999 xx 000 0 und d bEELa894 aVibhavi 0aEelathu samakala tamil ilakkiyam aNugegodabVibhavic1999 a112 p ., aKalai Ilakiyath thiranaivu aIllathu Tamil Illakiyam